000 00318nam a2200133 a 4500
001 4140
005 20140414131909.0
008 090218s19uu xx 00 eng d
050 _aER
_bAg3 2004
100 _aRash, Andy
245 _aAgent A to Agent Z.
260 _aNew York :
_bScholastic ,
_c2004.
999 _c111111
_d111111